La cadena de custodia de las pruebas de ADN

Detalles Bibliográficos
Autor principal: Lp̤ez Valera, Manuel
Formato: eBook
Lenguaje:español
Publicado: Madrid: Dykinson, 2019
Materias:
Acceso en línea:Acceso restringido

MARC

LEADER 00000nam a22000007a 4500
005 20200422155112.0
007 cr|||| ||||
008 200422s2019 es |||||s|||| 00||0 spa d
020 |a 978-84-1324-530-0 
035 |a 31440 
040 |a vLex 
090 |c 10328  |d 10328 
100 1 |a Lp̤ez Valera, Manuel 
245 1 2 |a La cadena de custodia de las pruebas de ADN  |h [Recurso electrn̤ico] /  |c Manuel Lp̤ez Valera 
256 |a Servicio en ln̕ea 
260 |a Madrid:  |b Dykinson,  |c 2019 
300 |a 1 recurso electrn̤ico 
506 1 |a Disponible solo en los productos indicados  |d vLex Global  |d vLex Global (Academic Edition, excluding Law Schools)  |d vLex Global (U.S. Academic Edition, Law Schools)  |d vLex Global (U.S. Academic Edition, excluding Law Schools)  |d vLex Global (Academic Edition, Law Schools) 
650 0 4 |a Derecho Procesal  |z Espaą 
740 0 |a vLex Libros (Servicio en ln̕ea) 
856 4 0 |u http://vlex.com/source/cadena-custodia-pruebas-adn-31440  |z Acceso restringido 
942 |c BOOK 
999 0 |a Procedural law